[Event "TCh-FIN"]
[Site "Finland FIN"]
[Date "2008.09.07"]
[Round "2"]
[White "Seppala,A"]
[Black "Laitinen,Mi"]
[Result "1/2-1/2"]
[WhiteElo "1955"]
[BlackElo "1969"]

1.e4 c5 2.c3 Nf6 3.e5 Nd5 4.d4 cxd4 5.cxd4 e6 6.Nf3 d6 7.Bc4 Be7 8.O-O O-O
9.Qe2 Nc6 10.Qe4 Ndb4 11.Bb3 dxe5 12.dxe5 Qd3 13.Qg4 Qg6 14.Qxg6 hxg6 15.Bd2 Rd8
16.a3 Nd3 17.Bc3 b6 18.Nbd2 Bb7 19.Rad1 Nc5 20.Bc2 Ba6 21.Rfe1 Bd3 22.Bxd3 Nxd3
23.Rf1 Rd7 24.Ne4 Rad8 25.Rd2 Ndxe5 26.Nxe5 Nxe5 27.Rxd7 Nxd7 28.g3 Nf6 29.Nxf6+ Bxf6
30.Bxf6 gxf6 31.Rc1 Rd2 32.b4 Ra2 33.Rc3 e5 34.g4 f5 35.gxf5 gxf5 36.Rg3+ Kh7
37.Rg5 f4 38.Rxe5 f3 39.h3 Rxa3 40.Kh2 Kg6 41.Kg3 f6 42.Re4 Rb3 43.Rg4+ Kf5
44.h4 Rb1 45.Rf4+ Ke5 46.Kxf3 f5 47.Rc4 Rb3+ 48.Kg2 f4 49.h5 Kf5 50.h6 Kg6
51.Rxf4 Kxh6  1/2-1/2

[Event "61st ch-RUS HL"]
[Site "Novokuznetsk RUS"]
[Date "2008.09.07"]
[Round "5"]
[White "Kobalia,M"]
[Black "Tregubov,P"]
[Result "1/2-1/2"]
[WhiteElo "2618"]
[BlackElo "2658"]

1.e4 c5 2.c3 Nf6 3.e5 Nd5 4.Nf3 Nc6 5.Bc4 Nb6 6.Bb3 c4 7.Bc2 g6 8.O-O Bg7
9.Re1 d6 10.exd6 Qxd6 11.Na3 O-O 12.Qe2 Qc5 13.b3 cxb3 14.axb3 Qh5 15.Be4 Nd5
16.Nc4 Be6 17.Qf1 Rac8 18.Na5 Nd8 19.Nc4 b5 20.Ne3 Nxe3 21.Rxe3 Bxb3 22.Rxa7 Bc4
23.d3 Be6 24.d4 Bh6 25.Re1 Rxc3 26.Bxh6 Bc4 27.Bxf8 Bxf1 28.Ra8 Kxf8 29.Rxd8+ Kg7
30.Kxf1 b4 31.Rb8 Qa5 32.Rb7 b3 33.h4 Qa6+ 34.Kg1 Qa3 35.Bb1 Rc1 36.Rxe7 Rxb1
37.Rxb1 Qxe7 38.Rxb3 Qe2 39.Rb1 Qd3 40.Rb2 Kf6 41.Rd2 Qb1+ 42.Kh2 Qb8+ 43.g3 Qb3
44.Ng5 h6 45.Ne4+ Kf5 46.f3 Qd5 47.Kg2 g5 48.g4+ Kf4 49.hxg5 Qb3 50.Rf2 hxg5
51.Ng3 Qd3 52.Rf1 f5 53.Kh3 Qa6 54.gxf5 Qh6+ 55.Kg2 Qh4 56.Ne2+ Ke3 57.Ng3 Kf4
58.Nh1 Kxf5 59.d5 Ke5 60.Nf2 Kxd5 61.Rd1+ Ke6 62.Re1+ Kf5 63.Re4 Qh8 64.Ng4 Qb2+
65.Kg3 Qb8+ 66.Kg2 Qb2+ 67.Kg3 Qb8+ 68.Re5+ Qxe5+ 69.Nxe5 Kxe5 70.Kg4 Kf6
71.f4 gxf4 72.Kxf4  1/2-1/2

[Event "TCh-SRB 1st League"]
[Site "Subotica SRB"]
[Date "2008.09.08"]
[Round "7"]
[White "Savic,Miod1"]
[Black "Pavlovic,MiloM"]
[Result "1-0"]
[WhiteElo "2519"]
[BlackElo "2537"]

1.e4 c5 2.c3 Nf6 3.e5 Nd5 4.Nf3 Nc6 5.d4 cxd4 6.Bc4 e6 7.cxd4 d6 8.a3 Be7
9.O-O O-O 10.Qe2 Bd7 11.Nbd2 Na5 12.Ba2 a6 13.Qe4 Bb5 14.Re1 Rc8 15.h4 dxe5
16.dxe5 Nb6 17.Bb1 g6 18.h5 Qd5 19.Qe3 Nd7 20.Be4 Qc5 21.Qf4 f5 22.hxg6 hxg6
23.Qh6 Kf7 24.Qh7+ Ke8 25.Qxg6+ Kd8 26.Ng5 Bxg5 27.Qxg5+ Qe7 28.Qxe7+ Kxe7
29.Bf3 Nc5 30.b4 Nd3 31.Rd1 Ba4 32.Rf1 Nc6 33.Nc4 Nxc1 34.Rfxc1 Nd4 35.Nd6 Rxc1+
36.Rxc1 Nxf3+ 37.gxf3 Rg8+ 38.Kh2 Rh8+ 39.Kg3 Bc6 40.Nxb7 f4+ 41.Kxf4 Rf8+
42.Kg4 Rc8 43.Nc5 Rg8+ 44.Kh4 Rh8+ 45.Kg5 Rg8+ 46.Kh6 Be8 47.Ne4 Rg6+ 48.Kh7 Kf8
49.Rc8 Rg1 50.Kh6  1-0

[Event "I Liga Seniorow"]
[Site "Ustron POL"]
[Date "2008.09.08"]
[Round "3"]
[White "Wlodarczyk,O"]
[Black "Kuczynski,R"]
[Result "1/2-1/2"]
[WhiteElo "2325"]
[BlackElo "2497"]

1.e4 c5 2.c3 Nf6 3.e5 Nd5 4.Nf3 d6 5.d4 cxd4 6.cxd4 Nc6 7.Bc4 Nb6 8.Bb3 d5
9.Nc3 Bg4 10.Be3 e6 11.O-O Be7 12.Bc2 Bh5 13.Ne2 Bg6 14.Bxg6 hxg6 15.Nd2 Rc8
16.f4 Na5 17.b3 Qd7 18.Rc1 Rxc1 19.Nxc1 Qb5 20.Qe2 Qxe2 21.Nxe2 Nc6 22.Nb1 a5
23.a4 Nb4 24.Rc1 Kd7 25.Bd2 Na8 26.h3 Nc7 27.Nbc3 Rb8 28.Ra1 Nc6 29.Nb5 b6
30.Nxc7 Kxc7 31.Kf2 b5 32.Rc1 Kd7 33.Ke3 bxa4 34.bxa4 g5 35.g3 gxf4+ 36.gxf4 Bb4
37.Nc3 Rh8 38.Rh1 Rh4 39.Be1 Rh8 40.Bd2 g6 41.Nb5 Be7 42.Kf3  1/2-1/2

[Event "Open"]
[Site "Herzliya ISR"]
[Date "2008.09.09"]
[Round "6"]
[White "Shimonovich,Y"]
[Black "Volkov,Y"]
[Result "0-1"]
[WhiteElo "2088"]
[BlackElo "2066"]

1.e4 c5 2.c3 Nf6 3.e5 Nd5 4.d4 cxd4 5.Nf3 e6 6.cxd4 b6 7.Nc3 Nxc3 8.bxc3 Qc7
9.Bd2 Bb7 10.Bd3 h6 11.O-O d6 12.Re1 Nd7 13.c4 dxe5 14.Nxe5 Nxe5 15.Rxe5 Bd6
16.Rh5 g6 17.Rh4 h5 18.Rc1 Qe7 19.Qa4+ Kf8 20.Rh3 g5 21.c5 Bf4 22.Bxf4 gxf4
23.c6 Rc8 24.Rc2 Ba8 25.Ba6 Rc7 26.Qb5 Qf6 27.Qb4+ Qe7 28.Qa4 Qd6 29.Bb5 e5
30.d5 Rg8 31.Qe4 Rg5 32.Rb3 Kg7 33.f3 f5 34.Qb4 Rg6 35.a3 Rf6 36.Kf2 e4 37.fxe4 fxe4
38.Qxe4 Re7 39.Qf3 Re3 40.Qxh5 Rxb3 41.c7 Bb7 42.c8=Q Bxc8 43.Rxc8 Rb2+ 44.Kg1 Rxb5
45.Qh8+ Kg6 46.Qe8+ Kg5 47.Qxb5 Qe5 48.Rg8+ Kh6 49.Re8 Qd4+ 50.Kf1 f3 51.g3 f2  0-1

[Event "3rd PGMA Cup"]
[Site "Manila PHI"]
[Date "2008.09.09"]
[Round "5"]
[White "Andador,R"]
[Black "Simanjuntak,S"]
[Result "1-0"]
[WhiteElo "2335"]
[BlackElo "2256"]

1.e4 c5 2.c3 Nf6 3.e5 Nd5 4.Bc4 Nb6 5.Bb3 Nc6 6.Nf3 c4 7.Bc2 d5 8.h3 g6 9.Qe2 Bg7
10.O-O Be6 11.d4 Qd7 12.Re1 Bf5 13.Na3 e6 14.Bxf5 gxf5 15.Bg5 Bf8 16.Bf6 Rg8
17.Ng5 Be7 18.Nxh7 O-O-O 19.Qh5 Rg6 20.Nc2 Rdg8 21.Ne3 Qd8 22.Bxe7 Nxe7 23.Nf6 Rh8
24.Qf3 Rg7 25.Nh5 Rgh7 26.Nf4 Ng6 27.Nxg6 fxg6 28.b3 g5 29.Kf1 Rh4 30.bxc4 f4
31.Ng4 Nxc4 32.Kg1 Qf8 33.Nf6 Qh6 34.Rad1 Qg6 35.Qe2 Rxh3 36.gxh3 Rxh3 37.Qg4  1-0

[Event "IV Geller Memorial"]
[Site "Odessa UKR"]
[Date "2008.09.09"]
[Round "1"]
[White "Fingerov,D"]
[Black "Loy,K"]
[Result "1-0"]
[WhiteElo "2365"]
[BlackElo "2104"]

1.e4 c5 2.c3 Nf6 3.e5 Nd5 4.d4 cxd4 5.Qxd4 e6 6.Nf3 Nc6 7.Qe4 f5 8.Qe2 Bc5
9.g3 O-O 10.Bg2 d6 11.O-O dxe5 12.Nxe5 Qf6 13.Nd3 Bd6 14.Nd2 Bd7 15.Nc4 Bc7
16.Nc5 Bc8 17.Re1 f4 18.Qf3 fxg3 19.Qxf6 gxh2+ 20.Kh1 Rxf6 21.Bg5 Rg6 22.Bh4 Rg4
23.Re4 Nf4 24.Bg3 e5 25.Bf3 Rg5 26.Rd1 Bf5 27.Ree1 Bg4 28.Bxg4 Rxg4 29.Rd7 Bb6
30.Nxe5 Nxe5 31.Rxe5 Rf8 32.Rd4 h5 33.Kxh2 h4 34.Bxf4 Rgxf4 35.Rxf4 Rxf4
36.Kg2 h3+ 37.Kxh3 Rxf2 38.Na4 Rf6 39.Rb5 Kh7 40.c4 Kh6 41.c5 Rf5 42.b4 Rf3+
43.Kg4 Ra3 44.Nxb6 axb6 45.Rxb6+ g6 46.Rxb7 Rxa2 47.b5 Ra4+ 48.Kf3 Rc4 49.c6 Kg5
50.c7 Kf5 51.b6  1-0

[Event "7th Georgiev - Kesarovski Mem"]
[Site "Sunny Beach BUL"]
[Date "2008.09.09"]
[Round "2"]
[White "Bedouin,X"]
[Black "Kirov,D"]
[Result "1-0"]
[WhiteElo "2365"]
[BlackElo "2097"]

1.e4 c5 2.c3 Nf6 3.e5 Nd5 4.Nf3 Nc6 5.Bc4 Nb6 6.Bb3 d5 7.exd6 Qxd6 8.Na3 e6
9.d4 cxd4 10.Nb5 Qb8 11.Nbxd4 Be7 12.O-O O-O 13.Qe2 Bf6 14.Nxc6 bxc6 15.Ng5 Qe5
16.Qg4 Nd5 17.Bd2 Bxg5 18.Qxg5 Qxg5 19.Bxg5 Ba6 20.Rfe1 h6 21.Bd2 Rfd8 22.Rad1 Rab8
23.Bc1 Kf8 24.Rd4 Nb6 25.Red1 Ke7 26.Bf4 Rxd4 27.Bxb8 Re4 28.Bxa7 Nd5 29.Bc5+ Ke8
30.Be3 f5 31.Rd4 Nxe3 32.Rxe4 fxe4 33.fxe3 Kd7 34.Bc2 Bd3 35.Bxd3 exd3 36.Kf2 Kd6
37.e4  1-0

[Event "7th Georgiev - Kesarovski Mem"]
[Site "Sunny Beach BUL"]
[Date "2008.09.09"]
[Round "2"]
[White "Jordanova,S"]
[Black "Dancevski,O"]
[Result "1-0"]
[WhiteElo "2168"]
[BlackElo "2441"]

1.e4 c5 2.c3 Nf6 3.e5 Nd5 4.Nf3 d6 5.d4 cxd4 6.cxd4 Nc6 7.Bc4 e6 8.O-O Be7
9.Qe2 O-O 10.Re1 Nb6 11.Bb3 dxe5 12.dxe5 Nb4 13.Rd1 N4d5 14.Nbd2 Bd7 15.Ne4 h6
16.Bc2 Rc8 17.a3 Bb5 18.Qxb5 Rxc2 19.Qd3 Rc8 20.h4 Qc7 21.Bd2 Qc4 22.Be1 Rfd8
23.g3 a6 24.Ba5 Qa4 25.Bxb6 Nxb6 26.Nd6 Bxd6 27.exd6 Nd5 28.Rac1 Qd7 29.Rxc8 Rxc8
30.Nd4 Qxd6 31.Qf3 Qe5 32.Qb3 b5 33.a4 Rc4 34.Nf3 Qf6 35.axb5 Rb4 36.Qa3 Rxb5
37.Rd2 Rb6 38.Kg2 Qd8 39.Qc5 Qb8 40.Qc4 Qb7 41.Kg1 a5 42.Ne5 f6 43.Ng6 Kf7
44.Nh8+ Kg8 45.Ng6 Kf7 46.Nh8+ Ke8 47.h5 Qc6 48.Qe2 Rb4 49.Ng6 Rc4 50.Kh2 Rc1
51.Qf3 Ne7 52.Qxc6+ Rxc6 53.Nf4 e5 54.Ne2 Kf7 55.Nc3 Ke6 56.Rd8 Rb6 57.Na4 Rb4
58.Nc5+ Kf7 59.Rd2 Rc4 60.Nb7 Ke6  1-0

[Event "4th ch-EU"]
[Site "Liverpool ENG"]
[Date "2008.09.10"]
[Round "2"]
[White "Surtees,M"]
[Black "Gorman,J"]
[Result "1-0"]
[WhiteElo "2182"]
[BlackElo "1937"]

1.e4 c5 2.c3 Nf6 3.d3 Nc6 4.f4 d6 5.Na3 g6 6.g3 Bg7 7.Bg2 O-O 8.Ne2 Rb8 9.h3 e5
10.O-O b5 11.Nc2 Qe7 12.f5 gxf5 13.exf5 d5 14.g4 h6 15.Ng3 Bb7 16.h4 Nh7
17.g5 hxg5 18.hxg5 Nxg5 19.Qg4 f6 20.Bxd5+ Kh8 21.Bxg5 fxg5 22.Qh5+  1-0

[Event "3rd PGMA Cup"]
[Site "Manila PHI"]
[Date "2008.09.10"]
[Round "6"]
[White "Garma,C"]
[Black "Gu Xiaobing"]
[Result "0-1"]
[WhiteElo "2346"]
[BlackElo "2286"]

1.e4 c5 2.c3 Nf6 3.e5 Nd5 4.d4 cxd4 5.Nf3 d6 6.Bb5+ Bd7 7.Bxd7+ Qxd7 8.O-O e6
9.cxd4 Nc6 10.Nc3 Nxc3 11.bxc3 dxe5 12.Nxe5 Nxe5 13.dxe5 Bc5 14.Qg4 O-O 15.Bg5 Kh8
16.Rad1 Qc7 17.Qe4 Be7 18.Bxe7 Qxe7 19.Rd6 Qc7 20.Qd4 Qa5 21.a4 Rac8 22.Rc1 h6
23.g3 Kg8 24.Kg2 a6 25.f4 b5 26.axb5 axb5 27.Qb6 Qa2+ 28.Qf2 Qa3 29.Rb1 Qa8+
30.Kh3 Rxc3 31.Rxb5 Rfc8 32.Qe2 Qa4 33.f5 Rc2 34.Qd3 exf5 35.Rd4 Qa2 36.Qxf5 Rxh2+
37.Kg4 Qe2+  0-1

[Event "TCh-SRB 1st League"]
[Site "Subotica SRB"]
[Date "2008.09.10"]
[Round "9"]
[White "Savic,Miod1"]
[Black "Perunovic,Mio"]
[Result "1-0"]
[WhiteElo "2519"]
[BlackElo "2419"]

1.e4 c5 2.c3 Nf6 3.e5 Nd5 4.g3 Nc6 5.Bg2 e6 6.Nf3 Qc7 7.O-O d6 8.exd6 Bxd6
9.Na3 a6 10.Nc4 Be7 11.a4 b6 12.d4 O-O 13.a5 bxa5 14.Nfe5 Ra7 15.Nxc6 Qxc6
16.Nxa5 Qc7 17.dxc5 Bxc5 18.Qe2 Bb6 19.Nc4 Bc5 20.Rd1 a5 21.Ne3 Ba6 22.Qe1 Nf6
23.b4 Bb6 24.Ba3 Rd8 25.bxa5 Bxa5 26.Rxd8+ Qxd8 27.Bc5 Rd7 28.Bb4 Bxb4 29.cxb4 Bb7
30.b5 Bxg2 31.Kxg2 h5 32.Qa5 Qe7 33.b6 Kh7 34.Qb5 Rb7 35.Nc4 Nd5 36.Qc6 Nb4
37.Qe4+ g6 38.Ra8 Nd5 39.Qd4 f6 40.Kg1 Rd7 41.Qa1 e5 42.Qa7 Kh6 43.Rh8+ Kg7
44.Qa8 Qf7 45.Rd8 e4 46.Rxd7 Qxd7 47.b7 Nb6 48.Ne3  1-0

[Event "7th Georgiev - Kesarovski Mem"]
[Site "Sunny Beach BUL"]
[Date "2008.09.10"]
[Round "4"]
[White "Bedouin,X"]
[Black "Manolov,I"]
[Result "1/2-1/2"]
[WhiteElo "2365"]
[BlackElo "2246"]

1.e4 c5 2.c3 Nf6 3.e5 Nd5 4.Bc4 Nb6 5.Bb3 e6 6.d4 cxd4 7.cxd4 d6 8.Qe2 Nc6
9.Nf3 dxe5 10.dxe5 Qc7 11.O-O Be7 12.Nc3 a6 13.Bf4 Nd7 14.Ne4 Nc5 15.Nd6+ Bxd6
16.exd6 Qd8 17.Rfd1 Nxb3 18.axb3 Bd7 19.Ne5 O-O 20.Nc4 Nb4 21.Be5 Nd5 22.Na5 f6
23.Bd4 Qb8 24.b4 Re8 25.Bc3 b6 26.Nc4 Bb5 27.Qg4 Bxc4 28.Qxc4 Qb7 29.Re1 b5
30.Qg4 Qd7 31.Rad1 Qxd6 32.g3 Rac8 33.Rd3 Rc4 34.Qh5 Rcc8 35.h4 Qd7 36.Qg4 Qf7
37.Qd1 Red8 38.Qf3 Rc6 39.Qe4 Rdc8 40.Kh2 Qg6 41.Qf3 h5 42.Rxe6 Rxe6 43.Rxd5 Qg4
44.Qd3 Rce8 45.Rd7 Re2 46.Kg2 Qe6 47.Rd5 Qc6 48.Qf3 Qc4 49.Rxh5 Qe4 50.Rd5 Qxf3+
51.Kxf3 R8e6 52.Rd7 Rc2 53.Ra7 Kh7 54.Bd4 Rd2 55.Bc3 Rd5 56.Kg4 Kg6 57.f4 Kh6
58.Ra8 f5+ 59.Kh3 Re3 60.Rxa6+ Kh5 61.Bxg7 Rd6 62.Rxd6 Rxg3+  1/2-1/2

[Event "3rd XtraCon EMT"]
[Site "Borup DEN"]
[Date "2008.09.11"]
[Round "5"]
[White "Knudsen,Ole NOR"]
[Black "Pedersen,HaD"]
[Result "1/2-1/2"]
[WhiteElo "2028"]
[BlackElo "2213"]

1.e4 c5 2.c3 Nf6 3.e5 Nd5 4.d4 cxd4 5.cxd4 d6 6.exd6 e6 7.Nf3 Bxd6 8.Nc3 O-O
9.a3 Nc6 10.Bd3 Nf4 11.O-O Nxd3 12.Qxd3 e5 13.Bg5 f6 14.Qc4+ Kh8 15.dxe5 Nxe5
16.Nxe5 Bxe5 17.Be3 Bf5 18.Rfd1 Qc8 19.Qxc8 Rfxc8 20.Rac1 Rc4 21.Bxa7 h6
22.Be3 Rac8 23.Nb5 Bc2 24.Nd6 Bxb2 25.Nxc8 Rxc8 26.Rf1 b5 27.Rxc2 Rxc2 28.Rb1 Kh7
29.Kf1 Bxa3  1/2-1/2

[Event "II ROMGAZ Open"]
[Site "Bucharest ROU"]
[Date "2008.09.11"]
[Round "1"]
[White "Nasolea,A"]
[Black "Zubarev,Al1"]
[Result "0-1"]
[WhiteElo "1987"]
[BlackElo "2517"]

1.e4 c5 2.c3 Nf6 3.e5 Nd5 4.d4 cxd4 5.Nf3 Nc6 6.Bc4 Nb6 7.Bb3 d6 8.exd6 Qxd6
9.O-O Be6 10.Bxe6 Qxe6 11.Nxd4 Nxd4 12.Qxd4 Rd8 13.Qh4 Qe2 14.Na3 Rd1 15.Be3 Qxf1+  0-1

[Event "3rd PGMA Cup"]
[Site "Manila PHI"]
[Date "2008.09.11"]
[Round "7"]
[White "Causo,D"]
[Black "Jia Haoxiang"]
[Result "1-0"]
[WhiteElo "2410"]
[BlackElo "2303"]

1.e4 c5 2.c3 Nf6 3.e5 Nd5 4.d4 e6 5.Nf3 cxd4 6.cxd4 d6 7.Bd3 Be7 8.O-O O-O
9.Qe2 Nb4 10.Bc4 d5 11.Bb3 b6 12.Rd1 Ba6 13.Qe3 Nd7 14.a3 Nc6 15.Nc3 Rc8
16.Qf4 Kh8 17.Qg4 Rg8 18.Bc2 Nf8 19.Qh5 f5 20.exf6 gxf6 21.Bh6 Qe8 22.Qh3 Qf7
23.Re1 Nd8 24.Re3 Bd6 25.Rae1 Ng6 26.g3 Bf4 27.Bxg6  1-0

[Event "7th Georgiev - Kesarovski Mem"]
[Site "Sunny Beach BUL"]
[Date "2008.09.11"]
[Round "5"]
[White "Asparuhov,P"]
[Black "Bedouin,X"]
[Result "1/2-1/2"]
[WhiteElo "2119"]
[BlackElo "2365"]

1.e4 c5 2.c3 Nf6 3.e5 Nd5 4.Nf3 e6 5.Bc4 d6 6.d4 cxd4 7.cxd4 Nc6 8.O-O Be7
9.Nc3 Nxc3 10.bxc3 dxe5 11.Nxe5 Nxe5 12.dxe5 Qxd1 13.Rxd1 Bd7 14.Be3 Rc8
15.Bb3 Bc5 16.Bd4 Ke7 17.Rd2 Bxd4 18.cxd4 Bc6 19.f4 g6 20.Kf2 Rhd8 21.Rc1 Be4
22.Rxc8 Rxc8 23.Ke3 Bd5 24.Bxd5 exd5 25.f5 gxf5 26.Kf4 Ke6 27.Kg5 f6+ 28.exf6 Rg8+
29.Kh6 Kxf6 30.Kxh7 Rg4 31.g3 b5 32.Rd3 f4 33.Rf3 Kf5 34.Rf2 Ke4 35.Rxf4+ Rxf4
36.gxf4 b4 37.Kg6 Kxf4 38.h4 a5 39.h5 a4 40.h6 b3 41.axb3 axb3 42.h7 b2 43.h8=Q b1=Q+
44.Kf7 Qf5+ 45.Ke7 Ke4 46.Kd6 Kd3 47.Kc5 Kc3 48.Qb8 Qd7 49.Qg3+ Kd2 50.Qf4+ Kd3
51.Qf3+ Kd2 52.Qxd5 Qa7+ 53.Kd6 Qa3+ 54.Qc5 Qg3+ 55.Qe5 Qa3+ 56.Ke6 Qa6+
57.Kf5 Qc8+ 58.Ke4 Qb7+ 59.d5 Qb1+ 60.Kf4 Qf1+ 61.Kg5 Qg2+ 62.Kf6 Qf2+ 63.Ke6 Qf3
64.d6 Qg4+ 65.Ke7 Qh4+ 66.Qf6 Qh7+ 67.Qf7 Qh4+ 68.Kd7 Qa4+ 69.Ke7 Qh4+ 70.Qf6 Qh7+
71.Ke8 Qh5+ 72.Kf8 Qd5 73.Qf4+ Kd1 74.Ke7 Kc2 75.d7 Qc5+ 76.Kd8 Kd1 77.Qg4+ Kd2
78.Qg2+ Kd1 79.Qf3+ Kd2 80.Qf4+ Kd1 81.Ke8 Qh5+ 82.Ke7 Qh7+ 83.Kd8 Qh8+ 84.Kc7 Qc3+
85.Kb7 Qb3+ 86.Kc8 Qc2+ 87.Qc7 Qf5 88.Qd6+ Ke1 89.Qb4+ Ke2 90.Qc4+ Ke1 91.Qc6 Ke2
92.Kb7 Qb1+ 93.Kc7 Qh7 94.Qg2+ Ke1 95.Qg3+ Kf1 96.Qf4+ Ke1 97.Qb4+ Ke2 98.Qb5+ Ke1
99.Qb6 Qf7 100.Qe3+ Kf1 101.Qd4 Qh7 102.Qd1+ Kf2 103.Qd2+ Kf1 104.Kb6 Qg6+
105.Kc7 Qf7 106.Qd3+ Ke1 107.Kb7 Kf2 108.Qd4+ Kf1 109.Kc6 Qe6+ 110.Kb5 Qb3+
111.Kc5 Qa3+ 112.Kc6 Qa6+ 113.Kd5 Qb5+ 114.Ke6 Qa6+ 115.Kf7 Qb7 116.Ke6 Qb3+
117.Ke7 Qb7 118.Qf6+ Kg1 119.Qd4+ Kh1 120.Ke6 Qc6+ 121.Ke5 Qc7+ 122.Qd6 Qc3+
123.Ke6 Qh3+ 124.Ke7 Qh7+ 125.Kd8 Qg8+  1/2-1/2

[Event "I Liga Seniorow"]
[Site "Ustron POL"]
[Date "2008.09.11"]
[Round "6"]
[White "Dudzinski,Pi"]
[Black "Kalinin,O"]
[Result "1/2-1/2"]
[WhiteElo "2303"]
[BlackElo "2356"]

1.e4 c5 2.c3 Nf6 3.e5 Nd5 4.d4 cxd4 5.Nf3 Nc6 6.cxd4 d6 7.exd6 Qxd6 8.Nc3 g6
9.Be2 Bg7 10.O-O O-O 11.Be3 Rd8 12.Nxd5 Qxd5 13.Qa4 Qa5 14.Qxa5 Nxa5 15.Ne5  1/2-1/2

[Event "DMP Ekstraliga"]
[Site "Karpacz POL"]
[Date "2008.09.12"]
[Round "7"]
[White "Kuzmicz,K"]
[Black "Miton,K"]
[Result "1/2-1/2"]
[WhiteElo "2400"]
[BlackElo "2580"]

1.e4 c5 2.c3 Nf6 3.e5 Nd5 4.d4 cxd4 5.cxd4 d6 6.Nf3 Nc6 7.Bc4 Nb6 8.Bb5 dxe5
9.Nxe5 Bd7 10.Nxd7 Qxd7 11.Nc3 e6 12.O-O Be7 13.Qg4 O-O 14.Rd1 Rfd8 15.Bh6 g6
16.Rac1 Rac8 17.Be3 a6 18.Be2 Nd5 19.Nxd5 Qxd5 20.Bc4 Qd7 21.Qe4 Nb4 22.a3 Nd5
23.Bxd5 exd5 24.Qd3 Qa4 25.Rxc8 Rxc8 26.Rc1 Rxc1+ 27.Bxc1 Bf6 28.Be3 Qc4
29.Qxc4 dxc4 30.g4 Bg7 31.g5 f5  1/2-1/2

[Event "4th ch-EU"]
[Site "Liverpool ENG"]
[Date "2008.09.12"]
[Round "4"]
[White "Surtees,M"]
[Black "Wells,D"]
[Result "1/2-1/2"]
[WhiteElo "2182"]
[BlackElo "2016"]

1.e4 c5 2.c3 Nf6 3.d3 Nc6 4.f4 d6 5.Na3 g6 6.g3 Bg7 7.Bg2 O-O 8.Ne2 Bg4 9.h3 Bxe2
10.Qxe2 Nd7 11.O-O Rb8 12.Nc2 b5 13.e5 Qc7 14.d4 e6 15.exd6 Qxd6 16.dxc5 Nxc5
17.Rd1 Qc7 18.Be3 Na4 19.Nd4 Nxd4 20.Bxd4 a6 21.Bxg7 Kxg7 22.Rd2 Rfd8 23.Rad1 h5
24.h4 Nb6 25.Kh2 Nc4 26.Rxd8 Rxd8 27.b3 Rxd1 28.Qxd1 Nd6 29.Qd4+ Kg8 30.Qe5 Qb6  1/2-1/2

[Event "IV Geller Memorial"]
[Site "Odessa UKR"]
[Date "2008.09.12"]
[Round "4"]
[White "Grekh,A"]
[Black "Hrinchuk,V"]
[Result "1-0"]
[WhiteElo "2362"]
[BlackElo "2136"]

1.e4 c5 2.c3 Nf6 3.e5 Nd5 4.d4 cxd4 5.Nf3 Nc6 6.cxd4 d6 7.Bc4 Nb6 8.Bb3 dxe5
9.d5 Na5 10.Nc3 Nxb3 11.Qxb3 g6 12.Nxe5 Bg7 13.Bf4 O-O 14.Rd1 Nd7 15.Nxd7 Qxd7
16.O-O Qg4 17.Bg3 a5 18.d6 exd6 19.Bxd6 Re8 20.Nd5 Re2 21.h3 Qe4 22.Ba3 Kh8
23.Nc3 Be6 24.Qb6 Bxc3 25.Rd8+ Kg7 26.Rxa8 Bd4 27.Bf8+ Kf6 28.Qd8+ Kf5 29.Rxa5+ Be5
30.g4+ Kf4 31.Bh6+ Kf3 32.Ra3+  1-0

[Event "I Liga Seniorow"]
[Site "Ustron POL"]
[Date "2008.09.13"]
[Round "8"]
[White "Dudzinski,Pi"]
[Black "Mielczarski,M"]
[Result "1-0"]
[WhiteElo "2303"]
[BlackElo "2242"]

1.e4 c5 2.c3 Nf6 3.e5 Nd5 4.d4 cxd4 5.Nf3 e6 6.cxd4 d6 7.Nc3 Nxc3 8.bxc3 Qc7
9.Bd2 Nd7 10.Qa4 Be7 11.Bd3 O-O 12.exd6 Bxd6 13.O-O Nf6 14.Rae1 Bd7 15.Qc2 Bf4
16.Ne5 Ba4 17.Qb2 Bxd2 18.Qxd2 Nd7 19.f4 g6 20.Re3 Rac8 21.Bb1 Rfe8 22.Rh3 Re7
23.Qf2 f6 24.Nxg6 hxg6 25.Qh4 Nf8 26.Qh8+ Kf7 27.Bxg6+ Kxg6 28.Qh5+  1-0

[Event "Autumn-3"]
[Site "Alushta UKR"]
[Date "2008.09.14"]
[Round "1"]
[White "Amanov,M"]
[Black "Kovalev,An"]
[Result "1/2-1/2"]
[WhiteElo "2385"]
[BlackElo "2550"]

1.e4 c5 2.c3 Nf6 3.e5 Nd5 4.d4 cxd4 5.Nf3 d6 6.cxd4 Nc6 7.Bc4 Nb6 8.Bb5 dxe5
9.Nxe5 Bd7 10.Nc3 Nxe5 11.dxe5 Bxb5 12.Nxb5 Qxd1+ 13.Kxd1 Nd5 14.Ke2 a6 15.Rd1 O-O-O
16.Nd4 e6 17.Bg5 Be7 18.Rac1+ Kb8 19.Bxe7 Nxe7 20.f4 Rd5 21.Nb3  1/2-1/2

[Event "4th Pichay Cup"]
[Site "Manila PHI"]
[Date "2008.09.14"]
[Round "1"]
[White "Causo,D"]
[Black "Branzuela,A"]
[Result "1-0"]
[WhiteElo "2410"]
[BlackElo "2209"]

1.e4 c5 2.c3 Nf6 3.e5 Nd5 4.d4 cxd4 5.Nf3 Nc6 6.Bc4 Nb6 7.Bb3 d5 8.exd6 Qxd6
9.O-O Bf5 10.cxd4 e6 11.Nc3 Be7 12.Qe2 Nxd4 13.Nxd4 Qxd4 14.Nb5 Qc5 15.Be3 Qe5
16.f4 Qe4 17.Nc7+ Kd7 18.Nxa8 Rxa8 19.Qb5+ Qc6 20.Rfd1+ Ke8 21.Qe2 Nd5 22.Rac1 Qd7
23.Qf3 Kd8 24.Bxa7 h5 25.Qxh5 Bd6 26.Bxd5 exd5 27.Re1 Be4 28.Qxd5 f5 29.Bb6+ Bc7
30.Qg8+  1-0

[Event "EYg18"]
[Site "Herceg Novi MNE"]
[Date "2008.09.15"]
[Round "1"]
[White "Brandenburg,L"]
[Black "Baptista,A"]
[Result "0-1"]
[WhiteElo "1926"]
[BlackElo "2137"]

1.e4 c5 2.c3 Nf6 3.e5 Nd5 4.Nf3 e6 5.d4 cxd4 6.cxd4 d6 7.Bc4 Nb6 8.Bb3 Nc6
9.Bd2 dxe5 10.dxe5 Nd4 11.O-O Nxb3 12.Qxb3 Bd7 13.Nc3 Bc6 14.Bg5 Be7 15.Rfd1 Nd5
16.Bxe7 Qxe7 17.Nd4 Nxc3 18.Qxc3 Be4 19.Nb5 O-O 20.Rac1 a6 21.Nd6 Bd5 22.a3 Rad8
23.Qg3 f6 24.f4 b5 25.Rc3 fxe5 26.fxe5 Bc4 27.Rdc1 Qa7+ 28.Qe3 Qxe3+ 29.Rxe3 Rf4
30.Rec3 Be2 31.g3 Rff8 32.Rc6 a5 33.Nb7 Rd2 34.Rxe6 Bf3 35.Nxa5 Rg2+ 36.Kf1 Bd5+  0-1

[Event "4th ch-EU"]
[Site "Liverpool ENG"]
[Date "2008.09.15"]
[Round "7"]
[White "Conquest,S"]
[Black "Edouard,R"]
[Result "1/2-1/2"]
[WhiteElo "2536"]
[BlackElo "2508"]

1.e4 c5 2.c3 Nf6 3.e5 Nd5 4.Nf3 Nc6 5.d4 cxd4 6.Bc4 e6 7.cxd4 d6 8.O-O Be7
9.a3 O-O 10.Re1 Bd7 11.Qd3 Rc8 12.Bd2 Na5 13.Ba2 a6 14.exd6 Bxd6 15.Ng5 Nf6
16.Nc3 h6 17.Nge4 Nxe4 18.Rxe4 Nc6 19.Bxh6 gxh6 20.Rg4+ Kh8 21.Qh3 Kh7 22.Ne4 e5
23.Nxd6 Bxg4 24.Bb1+ f5 25.Qxg4 Nxd4 26.Nxc8 Qxc8 27.Bd3 Rg8 28.Qh3 e4 29.Bf1 Qc2
30.b4 Qd2 31.Qh5 Rg5 32.Qf7+ Rg7 33.Qh5 Qf4 34.Rd1 Nf3+ 35.Kh1 Ne5 36.Kg1 Rg4
37.g3 Qf3 38.Be2 Qxe2 39.Qxf5+ Rg6 40.Rc1 Nc6 41.Qf7+ Rg7 42.Qf5+ Kg8 43.Qc8+ Kf7
44.Qd7+ Kg6 45.Qe6+ Kh7  1/2-1/2

[Event "4th Pichay Cup"]
[Site "Manila PHI"]
[Date "2008.09.15"]
[Round "3"]
[White "Causo,D"]
[Black "Pascua,H"]
[Result "0-1"]
[WhiteElo "2410"]
[BlackElo "2174"]

1.e4 c5 2.c3 Nf6 3.e5 Nd5 4.d4 e6 5.Nf3 cxd4 6.cxd4 d6 7.Nc3 Nc6 8.Bb5 Be7
9.O-O O-O 10.Qe2 Qb6 11.Rd1 Bd7 12.Bd3 dxe5 13.dxe5 Ncb4 14.Bc4 Bc6 15.Ne4 Rad8
16.a3 Na6 17.b4 Ba4 18.Re1 Nac7 19.Bg5 Bxg5 20.Nfxg5 h6 21.Nf3 Nf4 22.Qa2 Ncd5
23.g3 Ng6 24.Bxd5 Rxd5 25.Nc3 Rd3 26.Nxa4 Qc6 27.Nc5 Rxf3 28.Rad1 Rc3 29.Qb2 Qf3
30.a4 Nxe5 31.Ne4 Rd3 32.Nd2 Nc4 33.Nxf3 Nxb2 34.Rxd3 Nxd3 35.Re4 Rd8 36.Rc4 Rd7
37.Rc8+ Kh7 38.b5 Nb2 39.a5 Rd5 40.Ra8 Rxb5 41.Rxa7 Nd3 42.a6 bxa6 43.Rxa6 Rb1+
44.Kg2 Rb2 45.Nd4 Rxf2+ 46.Kg1 Rd2 47.Nb3 Rb2 48.Nd4 Ne5 49.h3 Rd2 50.Nb5 g5
51.Ra7 Kg6 52.g4 h5 53.Ra4 hxg4 54.hxg4 f5 55.gxf5+ exf5 56.Ra6+ Kh5 57.Re6 Nf3+
58.Kf1 g4 59.Nc3 Nd4 60.Nb1 Rb2  0-1

[Event "EYg12"]
[Site "Herceg Novi MNE"]
[Date "2008.09.16"]
[Round "2"]
[White "Gogishvili,D"]
[Black "Ivanova,Si"]
[Result "0-1"]
[WhiteElo "1878"]
[BlackElo "1668"]

1.e4 c5 2.c3 Nf6 3.e5 Nd5 4.d4 cxd4 5.cxd4 g6 6.Bc4 Nb6 7.Bb3 Bg7 8.Nc3 O-O
9.Nf3 d6 10.Bf4 Nc6 11.O-O Bg4 12.exd6 exd6 13.d5 Nd4 14.Be3 Bxf3 15.gxf3 Nf5
16.Rb1 Qh4 17.Ne2 Nd7 18.Ng3 Qh3 19.Nxf5 Qxf5 20.f4 Nf6 21.Qf3 Nh5 22.Rfc1 Rac8
23.Rd1 Be5 24.Qg2 Nxf4 25.Bxf4 Bxf4 26.Kh1 Rfe8 27.Rg1 Re2 28.Bd1 Qxb1 29.Bxe2 Rc1
30.Qg4 Rxg1+ 31.Qxg1 Qxb2 32.Qe1 Kg7 33.a4 Qd4 34.Bf3 Qxa4 35.Kg2 Be5 36.Qb1 b5
37.Qc1 Qf4 38.Qc8 Qxh2+ 39.Kf1 Qf4 40.Bg4 Qc4+ 41.Qxc4 bxc4 42.Ke2 h5 43.Bh3 a5
44.Kd2 a4 45.Kc2 a3 46.Kb1 g5  0-1

[Event "EYg12"]
[Site "Herceg Novi MNE"]
[Date "2008.09.16"]
[Round "2"]
[White "Ostalska,N"]
[Black "Zarkovic,M"]
[Result "0-1"]
[WhiteElo "1518"]
[BlackElo "1812"]

1.e4 c5 2.c3 Nf6 3.e5 Nd5 4.d4 cxd4 5.Qxd4 e6 6.Nf3 Nc6 7.Qe4 Be7 8.Nbd2 d6
9.Nc4 dxe5 10.Nfxe5 Nxe5 11.Nxe5 O-O 12.Bd3 Nf6 13.Qh4 Qd5 14.Bf4 Re8 15.O-O-O Qxa2
16.Bb1 Qa4 17.Rd4 Qa5 18.Ng4 h5 19.Ne5 g6 20.Qg3 h4 21.Qxh4 Nh5 22.Qg4 Nf6
23.Qh3 Nh5 24.Nxg6 fxg6 25.Bxg6 Rf8 26.Qg4 Nxf4 27.Bf5+ Kh8 28.Qxf4 Qxf5
29.Qh6+ Kg8 30.h4 Rf6 31.Qe3 Rg6 32.Rh3 Rxg2 33.Rf3 Qg6 34.Rff4 b6 35.Qf3 Rb8
36.Rg4 Bg5+ 37.hxg5 Rxg4 38.Qxg4 Bb7 39.Qf4 Rf8 40.Qc7 Qxg5+ 41.f4 Qg1+ 42.Kc2 Qg2+
43.Kb1 Qc6 44.Qe5 Rf5 45.Rd8+ Kf7 46.Qd4 Rd5 47.Rxd5 Qxd5 48.Qa4 Qe4+ 49.Qxe4 Bxe4+
50.Ka2 a6 51.b4 b5 52.Kb3 Bd3 53.Kb2 Kf6 54.Kc1 Kf5 55.Kd2 Ke4 56.Ke1 Kxf4
57.Kd2 Bc4 58.Ke1 Ke3 59.Kd1 Kd3  0-1

[Event "EYg18"]
[Site "Herceg Novi MNE"]
[Date "2008.09.16"]
[Round "2"]
[White "Exler,V"]
[Black "Danelia,M"]
[Result "0-1"]
[WhiteElo "2011"]
[BlackElo "2185"]

1.e4 c5 2.c3 Nf6 3.e5 Nd5 4.d4 cxd4 5.Nf3 e6 6.cxd4 d6 7.Nc3 Nc6 8.Bd3 Nxc3
9.bxc3 dxe5 10.dxe5 Qa5 11.Qb3 Nxe5 12.Nxe5 Qxe5+ 13.Be3 Bd7 14.Qxb7 Rb8
15.Qxa7 Qxc3+ 16.Ke2 Rb2+ 17.Kf3 Qf6+ 18.Bf4 Bd6 19.g3 g5 20.Rab1 gxf4 21.Rxb2 fxg3+
22.Kg2 Bc6+ 23.Kg1 Qxb2  0-1